Los conflictos son regionales, el peligro general; punto de vista soviético

Wedi'i Gadw mewn:
Manylion Llyfryddiaeth
Prif Awdur: Katamidze, Viatcheslav
Fformat: Texto
Cyhoeddwyd: Moscú: Agencia de Prensa Nóvosti
Tagiau: Ychwanegu Tag
Dim Tagiau, Byddwch y cyntaf i dagio'r cofnod hwn!

MARC

LEADER 00000 a a2200000 04500
001 24319
003
040
090 |a 166600  
100 |a Katamidze, Viatcheslav  
245 |a Los conflictos son regionales, el peligro general; punto de vista soviético  
260 |a Moscú:   |b Agencia de Prensa Nóvosti  
300 |a 106 p.   |b il.  
999 |c 4708  |d 4708